| 000 | 00825am a2200313a 44500 | ||
|---|---|---|---|
| 003 | AR-BaBNM | ||
| 005 | 20251128210658.0 | ||
| 008 | 280120s1965 #AR|||||||||||000 | spa|| | ||
| 040 | _cAR-BaBNM | ||
| 100 | 1 | _aGoulet, Denis | |
| 245 | 1 | 0 | _aEtica del desarrollo |
| 250 | _a1ª ed. | ||
| 260 |
_aBarcelona _bEstela _bI.E.P.A.L. _c1965 |
||
| 300 | _a386 p. | ||
| 490 | 0 | _aPensamiento y acción | |
| 650 | 4 | _aFILOSOFIA POLITICA | |
| 650 | 4 | _aETICA POLITICA | |
| 650 | 4 | _aTEORIA POLITICA | |
| 650 | 4 | _aIDEOLOGIAS | |
| 650 | 4 | _aECONOMIA | |
| 650 | 4 | _aPAISES EN DESARROLLO | |
| 650 | 4 | _aCAMBIO SOCIAL | |
| 650 | 4 | _aDESARROLLO ECONOMICO Y SOCIAL | |
| 650 | 4 | _aFILOSOFIA DE LA HISTORIA | |
| 700 | 1 |
_aLebret, Louis Joseph _eprologuista |
|
| 700 | 1 |
_aDarnell, Pedro _etraductor |
|
| 942 | _cBK | ||
| 998 | _cMARTIN | ||
| 999 |
_c16405 _d16405 |
||